| 000 | 01214cam a22003017a 4500 | ||
|---|---|---|---|
| 005 | 20150214093251.0 | ||
| 008 | 080703s2004 tr a 000 0 eng d | ||
| 020 | _a9769512303 | ||
| 040 |
_aBWS _cBWS _dOCLCQ _dDLC _dCo-BoIAVH |
||
| 041 | _aeng | ||
| 044 | _atr | ||
| 082 | 0 | 0 |
_a636.935 _bB87a |
| 100 | 1 |
_aBrown-Uddenberg, Roxann C. _932973 |
|
| 245 | 1 | 4 |
_aThe agouti [Dasyprocta leporina, D. aguti] : _bbooklet and producers' manual / _cRoxann C. Brown-Uddenberg ... [et al.]. |
| 246 | 3 | _aAgouti | |
| 250 | _a1a. ed. | ||
| 260 |
_aSt. Augustine, Trinidad and Tobago : _bGWG Publications, _c2004. |
||
| 300 |
_a93 p. _bil. (col) ; _c28 cm. |
||
| 490 | 0 |
_aWildlife Farmers' and Producers' Booklet ; _vNo. 1 |
|
| 650 | 0 |
_aAgoutis _zTrinidad y Tobago. _932974 |
|
| 650 | 0 |
_aCultura animal _zTrinidad yTobago. _932975 |
|
| 650 | 0 |
_aGuagua _vConservación y producción _932976 |
|
| 650 | 0 |
_aLapa _vConservación y producción _932977 |
|
| 650 | 0 |
_aGuanta _vConservación y producción _932978 |
|
| 710 | 2 |
_aUniversity of the West Indies. (St. Augustine, Trinidad and Tobago). Department of Food Production. _932979 |
|
| 710 | 2 |
_aOpen Tropical Forage-Animal Production Laboratory OTF-APL. _932980 |
|
| 942 |
_2ddc _cLIBRO |
||
| 999 |
_c9059 _d9059 |
||